| 000 | 01351nam a2200253Ia 4500 | ||
|---|---|---|---|
| 999 |
_c40652 _d40652 |
||
| 001 | 7280 | ||
| 003 | GE_BSU | ||
| 005 | 20191220120123.0 | ||
| 008 | 181216s2013||||ge |||||||||||||| ||geo|| | ||
| 020 | _a9789941434242 | ||
| 040 | _cGE_BSU | ||
| 041 | _ageo | ||
| 080 | _a582.681.41 ა-45 | ||
| 100 |
_aალასანია, ნარგიზ _91128 |
||
| 245 |
_aპასიფლორას (Pasiflora incarnatae) მორფოგენეზის თავისებურებანი in vitro სისტემაში : _b[მონოგრაფია] / _cნარგიზა ალასანია ; რედ.: ავთანდილ კორახაშვილი, ნანა ზარნაძე. |
||
| 264 |
_aბათუმი : _bშოთა რუსთაველის უნი-ტის გამ-ბა, _c2013. |
||
| 300 |
_a133 გვ.; _b20 სმ. |
||
| 653 | _aბოტანიკა | ||
| 653 | _aპასიფლორას მორფოგენეზი | ||
| 700 |
_aკორახაშვილი, ავთანდილ _d _eრედაქტორი _95875 |
||
| 700 |
_aზარნაძე, ნანა _eრედაქტორი _91127 |
||
| 710 |
_aშოთა რუსთაველის სახელმწ. უნ-ტი _95876 |
||
| 942 |
_cBK _2udc |
||